W.B. Yeats : (Record no. 838043)

MARC details
000 -LEADER
fixed length control field 01058nam a2200325 a 4500
001 - CONTROL NUMBER
control field vtls001389825
003 - CONTROL NUMBER IDENTIFIER
control field NLI
005 - DATE AND TIME OF LATEST TRANSACTION
control field 20210627110200.0
008 - FIXED-LENGTH DATA ELEMENTS--GENERAL INFORMATION
fixed length control field 120905s2010 ii e 000 0 eng d
020 ## - INTERNATIONAL STANDARD BOOK NUMBER
International Standard Book Number 9789380145419(pbk)
Terms of availability Rs.120.00
039 #9 - LEVEL OF BIBLIOGRAPHIC CONTROL AND CODING DETAIL [OBSOLETE]
Level of rules in bibliographic description 201209051940
Level of effort used to assign nonsubject heading access points jagesward
-- 201209051612
-- dipshikhap
040 ## - CATALOGING SOURCE
Original cataloging agency NLI
Language of cataloging eng
041 0# - LANGUAGE CODE
Language code of text/sound track or separate title eng
044 ## - COUNTRY OF PUBLISHING/PRODUCING ENTITY CODE
MARC country code ii
082 04 - DEWEY DECIMAL CLASSIFICATION NUMBER
Classification number 821.91
Edition number 22
100 1# - MAIN ENTRY--PERSONAL NAME
Personal name Dutta, Anurupa
9 (RLIN) 953958
245 10 - TITLE STATEMENT
Title W.B. Yeats :
Remainder of title the man and the poet /
Statement of responsibility, etc. by Anurupa Dutta
260 ## - PUBLICATION, DISTRIBUTION, ETC.
Place of publication, distribution, etc. Kolkata :
Name of publisher, distributor, etc. Books Way,
Date of publication, distribution, etc. 2010
300 ## - PHYSICAL DESCRIPTION
Extent 136 p. ;
Dimensions 22 cm
504 ## - BIBLIOGRAPHY, ETC. NOTE
Bibliography, etc. note Includes bibliographical references
600 10 - SUBJECT ADDED ENTRY--PERSONAL NAME
Personal name Yeats , W.B.
Fuller form of name (William Butler),
Dates associated with a name 1865-1939
Form subdivision Criticism and interpretation
9 (RLIN) 953959
887 ## - NON-MARC INFORMATION FIELD
Content of non-MARC field dpathak
901 ## - LOCAL DATA ELEMENT A, LDA (RLIN)
a DB126751 ;
b 24.09.2011
902 ## - LOCAL DATA ELEMENT B, LDB (RLIN)
a E 821.91 D 954 w
904 ## - LOCAL DATA ELEMENT D, LDD (RLIN)
a dpathak
949 ## - LOCAL PROCESSING INFORMATION (OCLC)
-- VIRTUAITEM
-- 10000
-- 100
6 DBA000126751ENG
942 ## - ADDED ENTRY ELEMENTS (KOHA)
Source of classification or shelving scheme Dewey Decimal Classification
Koha item type Books
Holdings
Withdrawn status Lost status Damaged status Not for loan Collection code Home library Current library Shelving location Date acquired Total Checkouts Full call number Barcode Date last seen Price effective from Koha item type
        New English National Library of India National Library of India New English - Main Stack Division     E 821.91 D 954 w DBA000126751ENG 27/06/2021 27/06/2021 Books
                                                                           
web counter

Copyright ©2020 The National Library of India, Govt. of India ↔ Hosted by NVLI, MOC ↔ Technology and Design by National Library of India, Ministry of Culture, Govt. of India